00403nam a2200157Ia 4500008004100000020001800041082001500059100001900074245003700093250000800130260002800138300003000166500001900196600001500215650001500230240925s9999 xx 000 0 und d a9781902505985 a658.72 NIC aNickson David 0aIP Procurement Handbook for SMEs a1st aUttar Pradesh:bBCScNA axxvi, 623p.bNAfOriginal aIncludes Index aManagement aManagement